Small ships in theater security cooperation (Record no. 38732)
[ view plain ]
| 000 -LEADER | |
|---|---|
| fixed length control field | 01523nam a2200385 a 4500 |
| 082 04 - DEWEY DECIMAL CLASSIFICATION NUMBER | |
| Classification number | 623.825/80973 |
| 245 00 - TITLE STATEMENT | |
| Title | Small ships in theater security cooperation |
| 260 ## - PUBLICATION, DISTRIBUTION, ETC. (IMPRINT) | |
| Place of publication | Santa Monica, CA : |
| Name of publisher | RAND National Defense Research Institute, |
| Year of publication | 2008. |
| 300 ## - PHYSICAL DESCRIPTION | |
| Number of Pages | xix, 52 p. : |
| Other physical details | ill. (chiefly col.), col. maps. |
| 490 1# - SERIES STATEMENT | |
| Series statement | Rand Corporation monograph series |
| 500 ## - GENERAL NOTE | |
| General note | "Prepared for the United States Navy." |
| General note | "MG-698-NAVY"--P. [4] of cover. |
| 650 #0 - SUBJECT ADDED ENTRY--TOPICAL TERM | |
| Topical Term | Gunboats. |
| Topical Term | War on Terrorism, 2001-2009. |
| 700 1# - ADDED ENTRY--PERSONAL NAME | |
| Personal name | Button, Robert. |
| 856 40 - ELECTRONIC LOCATION AND ACCESS | |
| Uniform Resource Identifier | http://site.ebrary.com/lib/rucke/Doc?id=10235188 |
No items available.
